[Event "GER-ch53 V06 email"]
[Site "GER email"]
[Date "2021.04.21"]
[Round "?"]
[White "Wolf, Wolfgang"]
[Black "Doderer, Harald"]
[Result "1/2-1/2"]
[WhiteElo "2051"]
[BlackElo "2108"]
[PlyCount "67"]
[EventDate "2021.04.21"]
[EventType "tourn (corr)"]
[EventRounds "10"]
[EventCountry "GER"]
[SourceTitle "Corr 2024"]
[Source "ChessBase"]
[SourceDate "2023.10.19"]
[SourceVersion "1"]
[SourceVersionDate "2023.10.19"]
[SourceQuality "1"]

1. e4 c5 2. Nf3 Nc6 3. d4 cxd4 4. Nxd4 Nf6 5. Nc3 e5 6. Ndb5 d6 7. Nd5 Nxd5 8. exd5 Nb8 9. a4 Be7 10. Be2 Nd7 11. 0-0 0-0 12. Bd2 a6 13. Na3 a5 14. c3 f5 15. f4 Bf6 16. Be3 exf4 17. Bxf4 g5 18. Be3 f4 19. Bd4 Bxd4+ 20. Qxd4 Ne5 21. Nc4 Nxc4 22. Bxc4 Bf5 23. Bb5 Qf6 24. Qb6 Qd8 25. Qd4 Rc8 26. Rae1 Rc7 27. Rf2 Re7 28. Rfe2 Rxe2 29. Rxe2 Qf6 30. Qxf6 Rxf6 31. b4 b6 32. Re7 Rf7 33. Re8+ Rf8 34. Re7 1/2-1/2

[Event "GER-ch53 V06 email"]
[Site "GER email"]
[Date "2021.04.21"]
[Round "?"]
[White "Wolf, Wolfgang"]
[Black "Jung, Reiner"]
[Result "1/2-1/2"]
[WhiteElo "2051"]
[BlackElo "2125"]
[PlyCount "90"]
[EventDate "2021.04.21"]
[EventType "tourn (corr)"]
[EventRounds "10"]
[EventCountry "GER"]
[SourceTitle "Corr 2024"]
[Source "ChessBase"]
[SourceDate "2023.10.19"]
[SourceVersion "1"]
[SourceVersionDate "2023.10.19"]
[SourceQuality "1"]

1. e4 c5 2. Nf3 Nc6 3. d4 cxd4 4. Nxd4 Nf6 5. Nc3 e5 6. Ndb5 d6 7. Bg5 a6 8. Na3 b5 9. Nd5 Be7 10. Bxf6 Bxf6 11. c3 0-0 12. Nc2 Bg5 13. a4 bxa4 14. Rxa4 a5 15. Bc4 Rb8 16. b3 Kh8 17. Nce3 g6 18. h4 Bxh4 19. g3 Bg5 20. f4 exf4 21. gxf4 Bh4+ 22. Kf1 g5 23. Qh5 f6 24. Ng2 Rb7 25. Nxh4 gxh4 26. Rxh4 f5 27. Bb5 Nb8 28. Ra2 Be6 29. Bd3 Qc8 30. c4 a4 31. Rg2 Nc6 32. Ne3 Nd4 33. exf5 Bxf5 34. Nxf5 Nxf5 35. Qe2 a3 36. Rh5 Rg7 37. Rxg7 Nxg7 38. Rxh7+ Kg8 39. Rh4 Rxf4+ 40. Rxf4 Qh3+ 41. Ke1 a2 42. Qxa2 Qe3+ 43. Kd1 Qxf4 44. b4 Kf7 45. Qg2 Ne6 1/2-1/2

[Event "GER-ch52 V09 email"]
[Site "GER email"]
[Date "2020.04.16"]
[Round "?"]
[White "Wolf, Wolfgang"]
[Black "Bach, Werner"]
[Result "1/2-1/2"]
[WhiteElo "2312"]
[BlackElo "2302"]
[PlyCount "109"]
[EventDate "2020.??.??"]
[EventType "tourn (corr)"]
[EventRounds "10"]
[EventCountry "GER"]
[SourceTitle "Corr 2022"]
[Source "ChessBase"]
[SourceDate "2021.10.24"]
[SourceVersion "1"]
[SourceVersionDate "2021.10.24"]
[SourceQuality "1"]

1. e4 c5 2. Nf3 d6 3. d4 cxd4 4. Nxd4 Nf6 5. Nc3 a6 6. Bg5 e6 7. f4 h6 8. Bh4 Qb6 9. a3 Nbd7 10. Be2 Be7 11. Bf2 Qc7 12. Bf3 0-0 13. Qe2 Re8 14. 0-0-0 e5 15. Nf5 exf4 16. Nxe7+ Rxe7 17. g3 fxg3 18. Bxg3 Ne5 19. Bh4 g5 20. Qg2 Re6 21. Bf2 b5 22. Bd4 Qe7 23. h4 g4 24. Be2 h5 25. Rhf1 Bb7 26. Rf5 Nxe4 27. Nxe4 Ng6 28. Qg1 Rxe4 29. Bd3 Qxh4 30. Bf2 g3 31. Bxg3 Qg4 32. Qf2 Rae8 33. Bxd6 R4e6 34. Rxf7 Qg5+ 35. Kb1 Qg2 36. Bb4 Qxf2 37. Rxf2 Be4 38. Bxe4 Rxe4 39. Rd7 Rf4 40. Rh2 Rh4 41. Rhd2 Ne5 42. Rc7 Rc4 43. Rg2+ Ng4 44. Ra7 Rc6 45. Rd2 Rg6 46. Ka2 Ne3 47. Rh2 Nd5 48. Rxh5 Nxb4+ 49. axb4 Rf8 50. Rhh7 Rc8 51. Rhd7 Rf6 52. Kb3 Rf3+ 53. c3 Rf6 54. Ka3 Rcc6 55. Rg7+ 1/2-1/2

[Event "GER-ch51 V02 email"]
[Site "GER email"]
[Date "2019.04.14"]
[Round "?"]
[White "Marten, Gero"]
[Black "Wolf, Wolfgang"]
[Result "1/2-1/2"]
[WhiteElo "2330"]
[BlackElo "2310"]
[PlyCount "113"]
[EventDate "2019.??.??"]
[EventType "tourn (corr)"]
[EventRounds "10"]
[EventCountry "GER"]
[SourceTitle "Corr 2022"]
[Source "ChessBase"]
[SourceDate "2021.10.24"]
[SourceVersion "1"]
[SourceVersionDate "2021.10.24"]
[SourceQuality "1"]

1. e4 e5 2. Nf3 Nc6 3. Bb5 a6 4. Ba4 Nf6 5. 0-0 Be7 6. Re1 b5 7. Bb3 d6 8. c3 0-0 9. h3 Na5 10. Bc2 c5 11. d4 Qc7 12. Nbd2 cxd4 13. cxd4 Nc6 14. Nb3 a5 15. Be3 a4 16. Nbd2 Bd7 17. Rc1 Qb7 18. Qe2 Rfe8 19. Bd3 Rab8 20. dxe5 Nxe5 21. Nxe5 dxe5 22. Bc5 Bc6 23. Bxe7 Rxe7 24. Rc3 h6 25. Rec1 Re6 26. b3 axb3 27. Rxb3 Qa7 28. Nf3 Qa8 29. Bxb5 Bxe4 30. a4 Rd8 31. Rd1 Rc8 32. Ra1 Bd5 33. Re3 Qb7 34. Qd1 Qe7 35. Rc1 Rd8 36. Qe2 Bxf3 37. Rxf3 e4 38. Rfc3 Re5 39. Rc7 Qd6 40. R7c6 Qe7 41. Rc7 Qd6 42. R7c4 Qe7 43. Rc8 Rxc8 44. Rxc8+ Kh7 45. Qe3 Rf5 46. Bf1 Qd7 47. Rc4 Rd5 48. Be2 Rd2 49. Rc1 Ra2 50. Bb5 Qd6 51. Bc6 Qb4 52. Qc3 Qxc3 53. Rxc3 Ra1+ 54. Kh2 Kg6 55. Rg3+ Kh7 56. Rb3 Kg6 57. Rg3+ 1/2-1/2

[Event "GER-ch51 V02 email"]
[Site "GER email"]
[Date "2019.04.14"]
[Round "?"]
[White "Schumacher, Frank"]
[Black "Wolf, Wolfgang"]
[Result "1/2-1/2"]
[WhiteElo "2358"]
[BlackElo "2310"]
[PlyCount "77"]
[EventDate "2019.??.??"]
[EventType "tourn (corr)"]
[EventRounds "10"]
[EventCountry "GER"]
[SourceTitle "Corr 2022"]
[Source "ChessBase"]
[SourceDate "2021.10.24"]
[SourceVersion "1"]
[SourceVersionDate "2021.10.24"]
[SourceQuality "1"]

1. e4 e5 2. Nf3 Nc6 3. Bb5 a6 4. Ba4 Nf6 5. 0-0 Be7 6. Re1 b5 7. Bb3 d6 8. c3 0-0 9. h3 Bb7 10. d4 Re8 11. Nbd2 Bf8 12. a3 h6 13. Bc2 Nb8 14. b4 Nbd7 15. Bb2 c6 16. Rc1 Qb6 17. Nb3 Rad8 18. Bb1 Ba8 19. Nbd2 a5 20. Qc2 axb4 21. cxb4 Nh5 22. dxe5 dxe5 23. Nb3 Nf4 24. Nc5 Nxc5 25. bxc5 Qc7 26. Rcd1 Rxd1 27. Rxd1 Bb7 28. Bc1 Ne6 29. Be3 Bc8 30. Ba2 Nf4 31. a4 bxa4 32. Bxf4 exf4 33. Qxa4 Bxc5 34. e5 Qa7 35. Qc2 Bb6 36. Rd2 Be6 37. Bxe6 Rxe6 38. Qf5 Qe7 39. Qxf4 1/2-1/2

[Event "GER-ch51 V02 email"]
[Site "GER email"]
[Date "2019.04.14"]
[Round "?"]
[White "Wolf, Wolfgang"]
[Black "Lukas, Norbert"]
[Result "1/2-1/2"]
[WhiteElo "2310"]
[BlackElo "2377"]
[PlyCount "42"]
[EventDate "2019.??.??"]
[EventType "tourn (corr)"]
[EventRounds "10"]
[EventCountry "GER"]
[SourceTitle "Corr 2022"]
[Source "ChessBase"]
[SourceDate "2021.10.24"]
[SourceVersion "1"]
[SourceVersionDate "2021.10.24"]
[SourceQuality "1"]

1. d4 Nf6 2. c4 e6 3. Nf3 b6 4. g3 Ba6 5. b3 Bb4+ 6. Bd2 Be7 7. Bg2 c6 8. Bc3 d5 9. Nbd2 Nbd7 10. 0-0 0-0 11. Re1 c5 12. e4 dxe4 13. Nxe4 Bb7 14. Nfg5 cxd4 15. Bxd4 Qc7 16. Nxf6+ Bxf6 17. Bxf6 Nxf6 18. Bxb7 Qxb7 19. Qe2 h6 20. Nf3 Rfd8 21. Rad1 Qc7 1/2-1/2

[Event "GER-ch51 V02 email"]
[Site "GER email"]
[Date "2019.04.14"]
[Round "?"]
[White "Wolf, Wolfgang"]
[Black "Tornow, Michael"]
[Result "1/2-1/2"]
[WhiteElo "2310"]
[BlackElo "2375"]
[PlyCount "58"]
[EventDate "2019.??.??"]
[EventType "tourn (corr)"]
[EventRounds "10"]
[EventCountry "GER"]
[SourceTitle "Corr 2022"]
[Source "ChessBase"]
[SourceDate "2021.10.24"]
[SourceVersion "1"]
[SourceVersionDate "2021.10.24"]
[SourceQuality "1"]

1. e4 c5 2. Nf3 Nc6 3. d4 cxd4 4. Nxd4 Nf6 5. Nc3 e5 6. Ndb5 d6 7. Bg5 a6 8. Na3 b5 9. Nd5 Be7 10. Bxf6 Bxf6 11. c3 Bg5 12. Nc2 0-0 13. a4 bxa4 14. Rxa4 a5 15. Bc4 Bd7 16. Nce3 Ne7 17. Nxe7+ Qxe7 18. Nd5 Qd8 19. Ra2 a4 20. 0-0 Rb8 21. Qe2 Qc8 22. Rfa1 Bg4 23. Qd3 Bd7 24. Nb4 g6 25. Qe2 Kg7 26. Bd3 Bd8 27. Bc2 Bb6 28. Bxa4 Be6 29. Nd5 Bxd5 1/2-1/2

[Event "Ruhrgebiet Verbandsbezirksliga Gr 1"]
[Site "Ruhrgebiet"]
[Date "2019.01.27"]
[Round "5.7"]
[White "Scharfenkamp, Bernd"]
[Black "Wolf, Wolfgang"]
[Result "1-0"]
[WhiteElo "1616"]
[BlackElo "1618"]
[PlyCount "59"]
[EventDate "2018.09.30"]
[EventType "team-tourn"]
[EventRounds "9"]
[EventCountry "GER"]
[SourceTitle "EXT 2022"]
[Source "ChessBase"]
[SourceDate "2021.10.06"]
[SourceVersion "1"]
[SourceVersionDate "2021.10.06"]
[SourceQuality "1"]
[WhiteTeam "Werne SK"]
[BlackTeam "Werl SC 1981 II"]
[WhiteTeamCountry "GER"]
[BlackTeamCountry "GER"]

1. e4 d5 2. exd5 Qxd5 3. Nc3 Qd6 4. Nf3 Nf6 5. h3 a6 6. d4 e6 7. Be3 Be7 8. Bd3 0-0 9. Qd2 b5 10. Ne4 Qd8 11. Nxf6+ Bxf6 12. Be4 c6 13. h4 g6 14. h5 Bb7 15. hxg6 fxg6 16. Qd3 Qe8 17. 0-0-0 Nd7 18. Rh3 e5 19. Rdh1 exd4 20. Nxd4 Ne5 21. Qb3+ Qf7 22. Ne6 Bc8 23. Nxf8 Qxb3 24. axb3 Bxh3 25. Nxh7 Kxh7 26. Rxh3+ Kg7 27. f4 Ng4 28. Bc5 Rc8 29. Rg3 Re8 30. Bd3 1-0

[Event "GER-ch50 V02 email"]
[Site "GER email"]
[Date "2018.05.15"]
[Round "?"]
[White "Wolf, Wolfgang"]
[Black "Langer, Raimund"]
[Result "1/2-1/2"]
[WhiteElo "2307"]
[BlackElo "2425"]
[PlyCount "81"]
[EventDate "2018.??.??"]
[EventType "tourn (corr)"]
[EventRounds "10"]
[EventCountry "GER"]
[SourceTitle "Corr 2020"]
[Source "ChessBase"]
[SourceDate "2019.09.30"]
[SourceVersion "1"]
[SourceVersionDate "2019.09.30"]
[SourceQuality "1"]

1. e4 c5 2. Nf3 d6 3. d4 cxd4 4. Nxd4 Nf6 5. Nc3 a6 6. h3 e5 7. Nde2 h5 8. g3 Be6 9. Bg2 Nbd7 10. a4 Be7 11. 0-0 Rc8 12. b3 Nc5 13. Bg5 0-0 14. a5 Re8 15. Be3 Qc7 16. Kh2 Bd8 17. f3 h4 18. g4 Nh7 19. Qd2 Be7 20. Rfd1 Qd8 21. Kh1 Nd7 22. Na4 Bg5 23. f4 exf4 24. Nxf4 Qf6 25. Rf1 Qh6 26. Rae1 Nhf6 27. c4 Rcd8 28. Qd4 Ne5 29. Nb6 Nfd7 30. Nbd5 Bxd5 31. Nxd5 Bxe3 32. Nxe3 Nc6 33. Qc3 Nde5 34. Rd1 Ne7 35. Qd4 Qg5 36. Qc3 N5c6 37. Nd5 Rc8 38. Nb6 Rcd8 39. b4 Ne5 40. Rf2 N5g6 41. Rdf1 1/2-1/2

[Event "GER-ch49 V04 email"]
[Site "GER email"]
[Date "2017.04.03"]
[Round "?"]
[White "Hauff, Andre"]
[Black "Wolf, Wolfgang"]
[Result "1/2-1/2"]
[WhiteElo "2340"]
[BlackElo "2308"]
[PlyCount "39"]
[EventDate "2017.??.??"]
[EventType "tourn (corr)"]
[EventRounds "10"]
[EventCountry "GER"]
[SourceTitle "Corr 2020"]
[Source "ChessBase"]
[SourceDate "2019.09.30"]
[SourceVersion "1"]
[SourceVersionDate "2019.09.30"]
[SourceQuality "1"]

1. d4 d5 2. c4 c6 3. Nf3 Nf6 4. Nc3 e6 5. Bg5 h6 6. Bh4 Nbd7 7. e3 Be7 8. Qc2 0-0 9. Rd1 a6 10. a3 b6 11. Bd3 Bb7 12. 0-0 Rc8 13. Bg3 dxc4 14. Bxc4 b5 15. Ba2 c5 16. d5 exd5 17. Nxd5 Nxd5 18. Bxd5 Bxd5 19. Rxd5 Qe8 20. Bd6 1/2-1/2

[Event "GER-ch 2014-E email"]
[Site "GER email"]
[Date "2016.12.05"]
[Round "?"]
[White "Wolf, Wolfgang"]
[Black "Langheld, Werner"]
[Result "1/2-1/2"]
[WhiteElo "2308"]
[BlackElo "2195"]
[PlyCount "54"]
[EventDate "2016.??.??"]
[EventType "tourn (corr)"]
[EventRounds "12"]
[EventCountry "GER"]
[SourceTitle "Corr 2017"]
[Source "ChessBase"]
[SourceDate "2017.09.19"]
[SourceVersion "1"]
[SourceVersionDate "2017.09.19"]
[SourceQuality "1"]

1. Nf3 Nf6 2. b3 g6 3. Bb2 Bg7 4. e3 c5 5. c4 Nc6 6. Be2 0-0 7. 0-0 d5 8. cxd5 Qxd5 9. Nc3 Qf5 10. Rc1 Rd8 11. Bb5 Nb4 12. d4 a6 13. Be2 cxd4 14. Nxd4 Qg5 15. a3 Nc6 16. Nf3 Qh6 17. Qe1 Bf5 18. b4 Nd7 19. Na4 Bxb2 20. Nxb2 Qg7 21. Na4 Qf6 22. Qc3 Qxc3 23. Rxc3 Kg7 24. h3 h6 25. Rfc1 Be6 26. Ne1 Na7 27. Rc7 Rac8 1/2-1/2